000
00301nam a22001337a 4500
008
180201b xxu||||| |||| 00| 0 eng d
020
_a
0443085552
041
_a
eng
080
_a
61
100
_a
2
101
_a
ANA
245
_a
ANETHESIA AND CO-EXISTING DISEASE
_c
ROBERT.K.S
942
_2
udc
_c
BK
999
_c
41496
_d
41496